| Tag |
First Indicator |
Second Indicator |
Subfields |
| LEADER |
00000cam a2200000Ia 4500 |
| 001 |
in00001997113 |
| 005 |
20151031113834.0 |
| 008 |
910819s1987 dcua b f000 0 eng d |
| 035 |
|
|
|a (OCoLC)ocm24250850
|
| 040 |
|
|
|a GIS
|c GIS
|d OCLCQ
|d TXA
|d UtOrBLW
|
| 049 |
|
|
|a TXAM
|
| 090 |
|
|
|a QC861.2
|b .U83 1987
|
| 245 |
0 |
4 |
|a The U.S. Global Ocean Science Program :
|b a strategy for understanding the role of the ocean in global change : a report to the Ocean Principals /
|c U.S. GOSP Interagency Working Group.
|
| 264 |
|
1 |
|a [Washington, D.C.?] :
|b [National Science Foundation],
|c [1987]
|
| 300 |
|
|
|a ii, 38 pages :
|b illustrations ;
|c 28 cm.
|
| 336 |
|
|
|a text
|b txt
|2 rdacontent
|
| 337 |
|
|
|a unmediated
|b n
|2 rdamedia
|
| 338 |
|
|
|a volume
|b nc
|2 rdacarrier
|
| 500 |
|
|
|a "October 1987."
|
| 504 |
|
|
|a Includes bibliographical references (pages 37-38).
|
| 650 |
|
0 |
|a Meteorology.
|
| 650 |
|
0 |
|a Climatic changes.
|
| 650 |
|
0 |
|a Ocean-atmosphere interaction.
|
| 710 |
2 |
|
|a U.S. GOSP Interagency Working Group.
|
| 948 |
|
|
|a cataloged
|b h
|c 2004/9/23
|d c
|e ceaton
|f 2:16:46 pm
|
| 994 |
|
|
|a C0
|b TXA
|
| 999 |
|
|
|a MARS
|
| 999 |
f |
f |
|s 12375072-9ace-315b-a290-edb52fecfa65
|i 5ef23a18-fd27-301f-8625-cf25606532d7
|t 0
|
| 952 |
f |
f |
|p normal
|a Texas A&M University
|b College Station
|c Sterling C. Evans Library
|d Evans: Library Stacks
|t 0
|e QC861.2 .U83 1987
|h Library of Congress classification
|i unmediated -- volume
|m A14832270808
|
| 998 |
f |
f |
|a QC861.2 .U83 1987
|t 0
|l Evans: Library Stacks
|